Engineering Ethics / (Record no. 202587)

MARC details
000 -LEADER
fixed length control field 00536 a2200193 4500
005 - DATE AND TIME OF LATEST TRANSACTION
control field 20240502163728.0
010 ## - LCCN (DPL NO)
LC control number B-758848
020 ## - INTERNATIONAL STANDARD BOOK NUMBER
International Standard Book Number 8120325788
Terms of availability 150.00
035 ## - SYSTEM CONTROL NUMBER
System control number B-758848
037 ## - SOURCE OF ACQUISITION
Source of stock number/acquisition Gift/Unesco
082 ## - DEWEY DECIMAL CLASSIFICATION NUMBER
Classification number 174.962
100 ## - MAIN ENTRY--PERSONAL NAME
Personal name Govindarajan M.
245 ## - TITLE STATEMENT
Title Engineering Ethics /
Remainder of title M. Govindarajan
260 ## - PUBLICATION, DISTRIBUTION, ETC. (IMPRINT)
Place of publication, distribution, etc Delhi
Name of publisher, distributor, etc PHI
Date of publication, distribution, etc 2005
270 ## - ADDRESS
Address Delhi
300 ## - PHYSICAL DESCRIPTION
Extent 181 p.;
Dimensions 24cm. (pb)
942 ## - ADDED ENTRY ELEMENTS (KOHA)
Institution code [OBSOLETE] dpl
Item type English Books
Source of classification or shelving scheme Dewey Decimal Classification
Classification part 174.962
Call number suffix ENG
Holdings
Withdrawn status Lost status Not for loan Collection code Home library Current library Date acquired Source of acquisition Cost, normal purchase price Full call number Barcode Copy number Cost, replacement price Koha item type Public note
      Non-fiction Central Jail Tihar Central Jail Tihar 02/05/2024 Gift/29.4.24 150.00 174.962 ENG B-758848 1 150.00 English Books Gift

© Delhi Public Library
Hit Counter
free hit counter